000 00282nam a2200109Ia 4500
008 231120s2021 xx 000 0 und d
041 _aeng
100 _aGEOFF KERSEY
245 _aWATERCOLOUR LANDSCAPES STEP BY STEP
260 _aSEARCH PRESS
_bSEARCH PRESS
_c2021
300 _aP-158
999 _c933669
_d933669